[Event "5th Paleochora Open"]
[Site "Paleochora GRE"]
[Date "2012.07.18"]
[Round "4.1"]
[White "Kotronias,V"]
[Black "Rychagov,A"]
[Result "0-1"]
[WhiteElo "2595"]
[BlackElo "2517"]

1.e4 e6 2.d4 d5 3.Nd2 Be7 4.Bd3 c5 5.dxc5 Nf6 6.Qe2 O-O 7.Ngf3 a5 8.O-O Na6
9.e5 Nd7 10.c4 Naxc5 11.Bc2 b6 12.Nd4 Bb7 13.cxd5 Bxd5 14.Nb1 Bb7 15.Rd1 Qc7
16.Bf4 Ba6 17.Qe3 b5 18.Nc3 Qb6 19.Qh3 g6 20.Nf3 Bb7 21.Ng5 Bxg5 22.Bxg5 Nxe5
23.Qg3 f6 24.Be3 Qc6 25.h4 Rad8 26.h5 b4 27.hxg6 bxc3 28.gxh7+ Kh8 29.Bh6 Qc7
30.bxc3 Be4 31.Bxf8 Rxf8 32.Bxe4 Nxe4 33.Qe3 Qxh7 34.Rd4 Ng5 35.Kf1 Qh1+
36.Ke2 Qxa1  0-1

[Event "11th Condom IM 2012"]
[Site "Condom FRA"]
[Date "2012.07.19"]
[Round "7.2"]
[White "Ravot,S"]
[Black "Velten,P"]
[Result "0-1"]
[WhiteElo "2278"]
[BlackElo "2390"]

1.e4 e6 2.d4 d5 3.Nd2 Be7 4.Bd3 Nf6 5.e5 Nfd7 6.c3 c5 7.Ngf3 Nc6 8.Bc2 g5
9.Nb3 b6 10.Be3 Ba6 11.a3 h5 12.Qd2 g4 13.Ng5 Rg8 14.h4 gxh3 15.Nxh3 Qc7
16.Ng5 Rg7 17.Rxh5 O-O-O 18.Bf4 Rdg8 19.O-O-O c4 20.Na1 Qd8 21.Nh3 Rxg2 22.Qe3 R2g4
23.Re1 b5 24.Bd1 R4g6 25.Bc2 R6g7 26.Bg3 Bb7 27.Bd1 a5 28.Nc2 b4 29.Rh1 Nb6
30.Nf4 b3 31.Ne1 Qf8 32.Kb1 Bxa3 33.bxa3 Qxa3 34.Qd2 Na4 35.Ne2 Kb8 36.Rh8 Ka7
37.Rxg8 Rxg8 38.Rh7 Ne7 39.Rxf7 Rh8 40.Nc1 Rh1 41.f4 Rh3 42.Ne2 Nf5 43.Rxf5 exf5
44.e6 Bc6 45.e7 Rh7 46.Nc1 Rxe7 47.Bf2 Rb7  0-1

[Event "Turkish Bank Chess League 2012"]
[Site "Konya TUR"]
[Date "2012.07.19"]
[Round "10"]
[White "Deviatkin,A"]
[Black "Savchenko,B"]
[Result "0-1"]
[WhiteElo "2590"]
[BlackElo "2550"]

1.d4 e6 2.e4 d5 3.Nd2 a6 4.Ngf3 Nf6 5.e5 Nfd7 6.Be2 c5 7.c3 Nc6 8.O-O b5
9.a4 Rb8 10.axb5 axb5 11.dxc5 Nxc5 12.Nb3 Nxb3 13.Qxb3 Bd7 14.Qc2 h6 15.Bd3 g5
16.Qe2 Bg7 17.h3 O-O 18.Nxg5 hxg5 19.Qh5 f5 20.exf6 Rxf6 21.Bxg5 Qe8 22.Qh7+ Kf8
23.Rfe1 Qf7 24.Ra6 b4 25.c4 dxc4 26.Bxc4 Rg6 27.Qh4 Qf5 28.Bc1 Rc8 29.Re4 Ne5
30.Kh1 Kg8 31.Be3 Nf3  0-1

[Event "23rd Czech Open A"]
[Site "Pardubice CZE"]
[Date "2012.07.20"]
[Round "1.42"]
[White "Petermann,M"]
[Black "Gutman,G"]
[Result "1/2-1/2"]
[WhiteElo "2259"]
[BlackElo "2493"]

1.e4 e6 2.d4 d5 3.Nd2 a6 4.Ngf3 c5 5.dxc5 Bxc5 6.Bd3 Nf6 7.O-O Nc6 8.exd5 exd5
9.Nb3 Be7 10.Bg5 Bg4 11.Be2 O-O 12.Nfd4 Bd7 13.Nxc6 bxc6 14.Qd4 h6 15.Bh4 Re8
16.Rfe1 a5 17.c3 g5 18.Bg3 Ne4 19.Qd1 Qb6 20.Bd3 Nxg3 21.hxg3 Bf6 22.Qc2 a4
23.Nd2 a3 24.b3 c5 25.Nf1 d4 26.cxd4 Bxd4 27.Rad1 Qf6 28.Ne3 Re5 29.Nc4 Re6
30.Rxe6 Bxe6 31.Re1 Bxc4 32.Bxc4 Kg7 33.Re2 Ra7 34.Bb5 Rb7 35.Qd3 Re7 36.Qf3 Rxe2
37.Qxf6+ Kxf6 38.Bxe2 Bc3 39.Bc4 Bb4 40.Kf1 Kg7  1/2-1/2

[Event "23rd Czech Open A"]
[Site "Pardubice CZE"]
[Date "2012.07.21"]
[Round "2.71"]
[White "Sadikhov,U"]
[Black "Graf,F"]
[Result "0-1"]
[WhiteElo "2160"]
[BlackElo "2394"]

1.e4 e6 2.d4 d5 3.Nd2 Nc6 4.Ngf3 Nf6 5.e5 Nd7 6.Be2 f6 7.exf6 Qxf6 8.Nf1 Bd6
9.Ne3 O-O 10.O-O Qg6 11.Qd3 Qxd3 12.Bxd3 Rxf3 13.gxf3 Nxd4 14.Kg2 Ne5 15.f4 Nxd3
16.cxd3 Bd7 17.b3 Rf8 18.Ng4 Bb5 19.Be3 Bxd3 20.Rfd1 Be4+ 21.Kf1 Nc2 22.Rac1 h5  0-1

[Event "23rd Czech Open A"]
[Site "Pardubice CZE"]
[Date "2012.07.21"]
[Round "2.4"]
[White "Shanava,K"]
[Black "Jorczik,J"]
[Result "1-0"]
[WhiteElo "2578"]
[BlackElo "2399"]

1.e4 e6 2.d4 d5 3.Nd2 Be7 4.Bd3 c5 5.dxc5 Nf6 6.Qe2 O-O 7.Ngf3 a5 8.O-O Na6
9.e5 Nd7 10.Nd4 Ndxc5 11.f4 Qb6 12.N2f3 Bd7 13.Kh1 Rac8 14.a3 Nxd3 15.cxd3 Nc5
16.Be3 Bb5 17.Rad1 Bxd3 18.Rxd3 Nxd3 19.Nf5 Bc5 20.Ne7+ Kh8 21.Ng5 Bxe3 22.Qxd3 g6
23.Nxc8 Rxc8 24.Nxf7+ Kg7 25.Ng5 d4 26.h4 Rc6 27.Kh2 Qxb2 28.Qe4 Qxa3 29.h5 Qe7
30.Rb1 a4 31.Kg3 a3 32.hxg6 h6 33.Nxe6+ Qxe6 34.Rxb7+ Kf8 35.f5 Qc4 36.f6 Rc8
37.g7+ Kg8 38.f7+ Kxg7 39.f8=Q+  1-0

[Event "16th Battle of Senta Open A"]
[Site "Senta SRB"]
[Date "2012.07.21"]
[Round "9.1"]
[White "Matsenko,S"]
[Black "Balog,I1"]
[Result "1/2-1/2"]
[WhiteElo "2460"]
[BlackElo "2542"]

1.e4 e6 2.d4 d5 3.Nd2 Nc6 4.Ngf3 Nf6 5.e5 Nd7 6.Be2 Be7 7.Nf1 O-O 8.Ne3 f6
9.exf6 Nxf6 10.O-O Bd6 11.c4 b6 12.b3 Bb7 13.Bb2 Bf4 14.Nc2 Ne4 15.Nce1 Qf6
16.Nd3  1/2-1/2

[Event "5th Paleochora Open"]
[Site "Paleochora GRE"]
[Date "2012.07.22"]
[Round "8.12"]
[White "Pap,M"]
[Black "Markidis,K"]
[Result "1-0"]
[WhiteElo "2500"]
[BlackElo "2291"]

1.e4 e6 2.d4 d5 3.Nd2 Be7 4.Bd3 c5 5.dxc5 Nf6 6.Qe2 O-O 7.Ngf3 a5 8.O-O Na6
9.e5 Nd7 10.c3 Naxc5 11.Bc2 b5 12.Nd4 Qc7 13.Re1 b4 14.c4 Ba6 15.b3 Rfc8
16.Bb2 Nb6 17.Nb5 Bxb5 18.cxb5 Nca4 19.Rac1 Nc3 20.Qe3 Nd7 21.a4 g6 22.Bd3 Bc5
23.Qg3 f5 24.Nf3 Qb6 25.Rc2 Rc7 26.Rec1 Rac8 27.h4 Ne4 28.Bxe4 dxe4 29.Nd4 Bxd4
30.Bxd4 Qb7 31.Rxc7 Rxc7 32.Qg5 Kf7 33.Kf1 Qc8 34.Rd1 Rc2 35.Qh6 Nf8 36.Kg1 Qd8
37.Kh2 Rxf2 38.Bc5  1-0

[Event "23rd Czech Open A"]
[Site "Pardubice CZE"]
[Date "2012.07.23"]
[Round "4.62"]
[White "Olsarova,K"]
[Black "Graf,F"]
[Result "0-1"]
[WhiteElo "2256"]
[BlackElo "2394"]

1.e4 e6 2.d4 d5 3.Nd2 Nc6 4.Ngf3 Nf6 5.e5 Nd7 6.c3 f6 7.exf6 Qxf6 8.Bb5 Bd6
9.Nf1 e5 10.dxe5 Ndxe5 11.Qxd5 Be6 12.Qd1 O-O 13.Be2 Nxf3+ 14.Bxf3 Ne5 15.Be3 Nxf3+
16.gxf3 Qg6 17.Ng3 Rad8 18.Qa4 b5 19.Qh4 Qc2 20.Qe4 Qxe4 21.fxe4 Bg4 22.Rg1 g6
23.Nf1 Bh5 24.h3 b4 25.Rg5 Rfe8 26.Nd2 bxc3 27.bxc3 Be5 28.Rc1 Rd3 29.c4 h6
30.Rg1 Bc3 31.Rc2 Rxe4 32.Rxc3 Rexe3+ 33.fxe3 Rxc3 34.e4 Rxh3 35.Kf2 Rd3
36.Nb3 Rf3+ 37.Kg2 Rc3 38.e5 Rxc4 39.Re1 Kf7 40.Rf1+ Ke7  0-1

[Event "23rd Czech Open A"]
[Site "Pardubice CZE"]
[Date "2012.07.23"]
[Round "4.5"]
[White "Narayanan,Sri"]
[Black "Harika,D"]
[Result "1-0"]
[WhiteElo "2399"]
[BlackElo "2499"]

1.e4 e6 2.d4 d5 3.Nd2 Nc6 4.Ngf3 Nf6 5.e5 Nd7 6.Bd3 f6 7.exf6 Qxf6 8.Nf1 Bd6
9.Ne3 Nb4 10.Be2 c5 11.dxc5 Nxc5 12.c4 Bd7 13.O-O O-O 14.Bd2 Ne4 15.Bxb4 Bxb4
16.cxd5 Bc5 17.Qc2 Bxe3 18.Qxe4 Bf4 19.Bc4 e5 20.g3 Bf5 21.d6+ Kh8 22.Qd5 e4
23.Nd4 Bh3 24.gxf4 Qxf4 25.Qh5 Bxf1 26.Rxf1 e3 27.Bd3 g6 28.Bxg6 exf2+ 29.Kg2 h6
30.Ne6 Qe3 31.Nxf8 Rxf8 32.d7 Kg7 33.Bf5 Kh8 34.Qg6  1-0

[Event "6th AD San Juan Open"]
[Site "Pamplona ESP"]
[Date "2012.07.24"]
[Round "3.3"]
[White "Khamrakulov,I"]
[Black "Buchenau,F"]
[Result "1-0"]
[WhiteElo "2507"]
[BlackElo "2299"]

1.e4 e6 2.d4 d5 3.Nd2 Be7 4.Ngf3 Nf6 5.Bd3 c5 6.exd5 Qxd5 7.dxc5 Nbd7 8.O-O Nxc5
9.Bc4 Qh5 10.Re1 Ncd7 11.Nf1 O-O 12.Ng3 Qc5 13.Qe2 b6 14.Ne4 Qc7 15.Neg5 Nc5
16.Ne5 Nd5 17.Nexf7 Rxf7 18.Nxf7 Kxf7 19.Qf3+ Nf6 20.Qxa8 Bb7 21.Qh8 Bf8
22.h3 g6 23.Rxe6 Nxe6 24.Bxe6+ Kxe6 25.Qxf8 Qc6 26.f3  1-0

[Event "23rd Czech Open A"]
[Site "Pardubice CZE"]
[Date "2012.07.24"]
[Round "5.41"]
[White "Alekseenko,K"]
[Black "Krensing,J"]
[Result "1/2-1/2"]
[WhiteElo "2450"]
[BlackElo "2327"]

1.e4 e6 2.d4 d5 3.Nd2 Be7 4.Ngf3 Nf6 5.Bd3 c5 6.exd5 Qxd5 7.dxc5 Bxc5 8.Qe2 Nbd7
9.b3 Bb4 10.Bb2 Qc5 11.Bd4 Qe7 12.O-O b6 13.Ne5 Bb7 14.Rad1 Nxe5 15.Bxe5 O-O
16.Ba6 Bxa6 17.Qxa6 Ng4 18.Ba1 Rad8 19.h3 Nf6 20.Bxf6 gxf6 21.Nf3 Bc5 22.Qe2 Rxd1
23.Rxd1 Rd8 24.c3 a5 25.Nd2 Qd6 26.Kf1 Kf8 27.Ke1 Qh2 28.Qf3 Qe5+ 29.Kf1 Ke7
30.g3 Qd6 31.Ke1 Qe5+ 32.Kf1 Qd6 33.h4 f5 34.Ke1 h6 35.Qe2 Qd5 36.a3 Bxa3
37.Nf3 Qxd1+ 38.Qxd1 Rxd1+ 39.Kxd1 Bc5 40.Ke2 Kd6 41.Ne1 b5 42.Nc2 Kd5 43.h5 e5
44.f3 e4 45.b4 axb4 46.cxb4 Bd6 47.f4 Kc4 48.Ne3+ Kxb4 49.Nxf5 Bf8 50.Kd2 Ka3
51.g4 b4 52.Nd4 Bc5 53.Nc2+ Kb3 54.g5 hxg5 55.fxg5 Be7 56.g6 fxg6 57.hxg6 Bg5+
58.Ke2 Bh6 59.Nxb4  1/2-1/2

[Event "23rd Czech Open A"]
[Site "Pardubice CZE"]
[Date "2012.07.24"]
[Round "5.79"]
[White "Tjurin,A"]
[Black "Kuenstler,C"]
[Result "1/2-1/2"]
[WhiteElo "2302"]
[BlackElo "2094"]

1.e4 e6 2.d4 d5 3.Nd2 Be7 4.Ngf3 Nf6 5.Bd3 c5 6.e5 Nfd7 7.c3 Nc6 8.O-O a5
9.Re1 cxd4 10.cxd4 Qb6 11.Qa4 g5 12.g4 h5 13.h3 hxg4 14.hxg4 Qb4 15.Qxb4 Nxb4
16.Bb1 b6 17.a3 Nc6 18.Bd3 Ba6 19.Bxa6 Rxa6 20.b3 Kd8 21.Kg2 Kc7 22.Bb2 Nf8
23.Rh1 Rg8 24.Ne1 Ng6  1/2-1/2

[Event "30th Andorra Open"]
[Site "Erts-La Massana AND"]
[Date "2012.07.25"]
[Round "5.10"]
[White "Ostos,J"]
[Black "Arizmendi Martinez,J"]
[Result "0-1"]
[WhiteElo "2345"]
[BlackElo "2559"]

1.e4 e6 2.d4 d5 3.Nd2 Be7 4.Ngf3 Nf6 5.Bd3 c5 6.dxc5 dxe4 7.Nxe4 Nxe4 8.Bxe4 Qxd1+
9.Kxd1 Bxc5 10.Ke2 Nd7 11.Be3 Bxe3 12.Kxe3 Nc5 13.Nd2 Nxe4 14.Nxe4 Bd7 15.Rhd1 Bc6
16.c4 Ke7 17.f4 Rhd8 18.g3 a5 19.b3 h6 20.a3 Rxd1 21.Rxd1 Rg8 22.Nc5 g5 23.Rd4 gxf4+
24.Rxf4 Rg5 25.Nd3 e5 26.Rf2 f6 27.b4 Rg4 28.b5 Be8 29.Rc2 h5 30.Nc5 b6 31.Na4 Bxb5
32.Nxb6 Bc6 33.c5 h4 34.Rc4 hxg3 35.Rxg4 gxh2 36.Rh4 h1=Q 37.Rxh1 Bxh1 38.a4 Ke6
39.Kd3 Bd5 40.Ke3 f5 41.Kd3 f4 42.Kc3 Bb7 43.Nc4 Ba6 44.Nd2 Kd5 45.Nf3 e4
46.Nd4 f3 47.Nf5 f2  0-1

[Event "23rd Czech Open A"]
[Site "Pardubice CZE"]
[Date "2012.07.25"]
[Round "6.24"]
[White "Andreev,Ed UKR"]
[Black "Jorczik,J"]
[Result "1-0"]
[WhiteElo "2498"]
[BlackElo "2399"]

1.e4 e6 2.d4 d5 3.Nd2 Be7 4.Ngf3 Nf6 5.e5 Nfd7 6.Bd3 c5 7.c3 Nc6 8.O-O g5
9.dxc5 g4 10.Nd4 Ndxe5 11.Bb5 Bd7 12.N2b3 h5 13.Re1 a6 14.Bxc6 Nxc6 15.Bf4 Rg8
16.Qd3 Rg6 17.Nxc6 Bxc6 18.Re5 h4 19.Rh5 Rg8 20.Re1 Qd7 21.Rh7 h3 22.Nd4 hxg2
23.b4 Bb5 24.Qe3 Rf8 25.Bh6 Rg8 26.Qe5 Bd3 27.Rh8 O-O-O 28.Rxg8 Rxg8 29.Bf4 Kd8
30.c6 Qc8 31.Qe3 Be4 32.Nxe6+ fxe6 33.Qb6+ Ke8 34.cxb7 Qxc3 35.b8=Q+ Kf7
36.Qxg8+ Kxg8 37.Qxe6+ Kf8 38.Rc1 Bc2 39.Bh6+ Ke8 40.Bg5  1-0

[Event "23rd Czech Open A"]
[Site "Pardubice CZE"]
[Date "2012.07.25"]
[Round "6.35"]
[White "Savitskiy,S"]
[Black "Fodor,T jr"]
[Result "1-0"]
[WhiteElo "2367"]
[BlackElo "2503"]

1.e4 e6 2.d4 d5 3.Nd2 Be7 4.Ngf3 Nf6 5.Bd3 c5 6.exd5 Qxd5 7.dxc5 O-O 8.O-O Qxc5
9.Nb3 Qc7 10.Nbd4 a6 11.Qe2 Re8 12.Re1 Nbd7 13.Nxe6 Qb6 14.Neg5 Bc5 15.Qxe8+ Nxe8
16.Rxe8+ Nf8 17.Bxh7+ Kh8 18.Be3 Qb4 19.Ne5 g6 20.Rxf8+ Kg7 21.Rxf7+ Kh6
22.Bf4  1-0

[Event "99th ch-GBR 2012"]
[Site "North Shields ENG"]
[Date "2012.07.26"]
[Round "4.9"]
[White "Storey,Ch"]
[Black "Harvey,Marcus R"]
[Result "0-1"]
[WhiteElo "2247"]
[BlackElo "2134"]

1.e4 e6 2.d4 d5 3.Nd2 a6 4.Ngf3 Nf6 5.e5 Nfd7 6.c3 c5 7.Bd3 Nc6 8.O-O g5
9.dxc5 Nxc5 10.Nb3 g4 11.Bg5 Be7 12.Bxe7 Qxe7 13.Nfd4 Nxe5 14.Nxc5 Qxc5 15.Be2 h5
16.f4 Nc6 17.Qd2 Bd7 18.b4 Qb6 19.a4 a5 20.b5 Ne7 21.Kh1 Qd6 22.Nb3 b6 23.c4 Nf5
24.Qb2 O-O 25.Rad1 Qe7 26.cxd5 Ne3 27.Qe5 Nxf1 28.Bxf1 f6 29.Qxh5 e5 30.f5 Qg7
31.Qh4 Qg5 32.Qf2 Bxf5 33.Qxb6 Bc2 34.Rd3 Bxd3 35.Bxd3 Rac8 36.Qe6+ Kh8 37.Bf1 Qf4
38.Kg1 Qe3+ 39.Kh1 Qf2 40.Nd2 Rc1 41.h3 Rxf1+ 42.Nxf1 Qxf1+ 43.Kh2 g3+  0-1

[Event "23rd Czech Open A"]
[Site "Pardubice CZE"]
[Date "2012.07.26"]
[Round "7.25"]
[White "Seger,R"]
[Black "Stupak,K"]
[Result "1/2-1/2"]
[WhiteElo "2378"]
[BlackElo "2512"]

1.e4 e6 2.d4 d5 3.Nd2 Nc6 4.Ngf3 Nf6 5.e5 Nd7 6.Be2 f6 7.exf6 Qxf6 8.Nf1 Bd6
9.Ne3 O-O 10.O-O Qg6 11.g3 Nf6 12.Nh4 Qe8 13.f4 b6 14.c3 Bb7 15.Bd3 Ne7 16.Ng4 Ne4
17.Nf3 Nf5 18.Qe1 c5 19.Nf2 Qc6 20.Qe2 cxd4 21.cxd4 b5 22.Re1 Bb4 23.Nxe4 Bxe1
24.Neg5 h6 25.Qxe6+ Qxe6 26.Nxe6 Ba5 27.Nxf8 Rxf8 28.g4 Nd6 29.f5 h5 30.h3 hxg4
31.hxg4 a6 32.Bf4 Ne4 33.Be5 Nf6 34.Nh2 Nd7 35.Bg3 Bb6 36.Bf2 Nf6 37.Kg2 Bc8
38.Bg1 g6 39.Rf1 Ne4 40.fxg6 Rxf1 41.Kxf1 Bc7 42.Kg2 Kg7 43.Kf3 Ng5+ 44.Kg2 Ne4
45.Kf3 Ng5+ 46.Kg2  1/2-1/2

[Event "23rd Czech Open A"]
[Site "Pardubice CZE"]
[Date "2012.07.26"]
[Round "7.92"]
[White "Braeuer,F"]
[Black "Porat,Ma"]
[Result "1/2-1/2"]
[WhiteElo "2205"]
[BlackElo "2295"]

1.e4 e6 2.d4 d5 3.Nd2 Be7 4.Bd3 c5 5.dxc5 Nf6 6.Qe2 O-O 7.Ngf3 Nfd7 8.Nb3 a5
9.a4 Na6 10.e5 Ndxc5 11.Nxc5 Nxc5 12.Bb5 Bd7 13.Be3 Bxb5 14.axb5 Ne4 15.O-O Qc7
16.Ra4 Rfc8 17.c3 Bc5 18.Rfa1 Bxe3 19.Qxe3 b6 20.Nd4 Nc5 21.R4a3 Nd7 22.f4 Qb7
23.f5 Qc7 24.Nc6 exf5 25.Ne7+ Kf8 26.Nxc8 Rxc8 27.Qh3 Qxe5 28.Qxh7 Rc4 29.Qh8+ Ke7
30.Rd1 Rg4 31.Qh3 g5 32.Raa1 Nf6 33.Qf3 Ne4 34.Rf1 Rf4 35.Qe3 Rh4 36.g3 Rh3
37.Kg2 Qe6 38.Qe2 f4 39.Rf3 Qh6 40.Kg1 fxg3 41.Rxg3 Rxg3+ 42.hxg3 Qh3 43.g4  1/2-1/2

[Event "23rd Czech Open A"]
[Site "Pardubice CZE"]
[Date "2012.07.26"]
[Round "7.77"]
[White "Moritz,A"]
[Black "Krensing,J"]
[Result "1/2-1/2"]
[WhiteElo "2104"]
[BlackElo "2327"]

1.e4 e6 2.d4 d5 3.Nd2 Be7 4.Ngf3 Nf6 5.e5 Nfd7 6.c4 dxc4 7.Bxc4 Nb6 8.Bb3 Bd7
9.O-O Bc6 10.Bc2 Bd5 11.Ne4 N8d7 12.b3 Rc8 13.a4 Bxe4 14.Bxe4 c6 15.Ba3  1/2-1/2

[Event "21st Kavala Open A"]
[Site "Kavala GRE"]
[Date "2012.07.27"]
[Round "3"]
[White "Kerigan,D"]
[Black "Antic,De"]
[Result "0-1"]
[WhiteElo "2205"]
[BlackElo "2506"]

1.e4 e6 2.d4 d5 3.Nd2 Be7 4.Ngf3 Nf6 5.e5 Nfd7 6.Bd3 c5 7.c3 Nc6 8.O-O a5
9.a4 cxd4 10.cxd4 Nb4 11.Bb5 O-O 12.Nb1 Nb8 13.Nc3 N8c6 14.Be3 f6 15.Rc1 Bd7
16.Re1 Be8 17.Ne2 fxe5 18.Nxe5 Nxe5 19.dxe5 Bxb5 20.axb5 Qd7 21.Nd4 Bd8 22.Rc3 Bb6
23.Qg4 Rae8 24.h4 Rf7 25.Qe2 Bxd4 26.Bxd4 Rf4 27.Bb6 Re4 28.Re3 Rc4 29.b3 Rxh4
30.Bxa5 d4 31.Rg3 Nd5 32.Bd2 Nf4 33.Bxf4 Rxf4 34.Rc1 Ref8 35.b6 Rxf2 36.Qxf2 Rxf2
37.Kxf2 d3 38.Rc7 Qd4+ 39.Kf1 Qa1+ 40.Kf2 Qd4+ 41.Kf1 g6 42.Rc8+ Kg7 43.Rc7+ Kh6
44.Rh3+ Kg5 45.Rg3+ Kf5 46.Rf3+ Kxe5 47.Rc4 Qa1+ 48.Kf2 Qb2+ 49.Kg3 Qe2 50.Rc5+ Kd4
51.Rc4+ Kd5 52.Rc8 e5 53.Rf7 Qe1+ 54.Kh2 Qh4+ 55.Kg1 Qd4+ 56.Kf1 Qxb6 57.Rd7+ Ke4  0-1

[Event "23rd Czech Open A"]
[Site "Pardubice CZE"]
[Date "2012.07.27"]
[Round "8.27"]
[White "Andreev,Ed UKR"]
[Black "Graf,F"]
[Result "1/2-1/2"]
[WhiteElo "2498"]
[BlackElo "2394"]

1.e4 e6 2.d4 d5 3.Nd2 Nc6 4.Ngf3 Nf6 5.e5 Nd7 6.c4 Be7 7.Bd3 Nb4 8.Bb1 dxc4
9.Nxc4 Nb6 10.b3 c5 11.O-O Nxc4 12.bxc4 cxd4 13.Nxd4 Bd7 14.Qg4 Kf8 15.Be3 Rc8
16.Be4 Rxc4 17.a3 Nc6 18.Bxc6 bxc6 19.Rfd1 Qc7 20.Rac1 Rxc1 21.Rxc1 Qxe5
22.Nxc6 Bxc6 23.Rxc6 f6 24.Qxe6 Qxe6 25.Rxe6 Bxa3  1/2-1/2

[Event "Politiken Cup 2012"]
[Site "Helsingor DEN"]
[Date "2012.07.28"]
[Round "1.53"]
[White "Undheim,B"]
[Black "Nielsen,LA"]
[Result "0-1"]
[WhiteElo "1817"]
[BlackElo "2254"]

1.e4 e6 2.d4 d5 3.Nd2 Nc6 4.Ngf3 Nf6 5.e5 Nd7 6.c3 f6 7.exf6 Qxf6 8.Bd3 Bd6
9.O-O O-O 10.Qc2 h6 11.b4 e5 12.Qb3 Qf7 13.dxe5 Ndxe5 14.Bb1 Bg4 15.Nxe5 Nxe5
16.a4 Be2 17.f4 Bxf1 18.Nxf1 Ng6 19.Qc2 Bxf4 20.Ba3 Bd2  0-1

[Event "23rd Czech Open A"]
[Site "Pardubice CZE"]
[Date "2012.07.28"]
[Round "9.74"]
[White "Donskov,Ana"]
[Black "Kuenstler,C"]
[Result "1/2-1/2"]
[WhiteElo "2328"]
[BlackElo "2094"]

1.e4 e6 2.d4 d5 3.Nd2 Be7 4.Bd3 c5 5.dxc5 Nf6 6.Qe2 O-O 7.Ngf3 a5 8.e5 Nfd7
9.Nb3 a4 10.Nbd4 Nxc5 11.O-O Nxd3 12.cxd3 Bd7 13.a3 Nc6 14.Bd2 Qb6 15.Be3 Qa6
16.Rac1 Nxd4 17.Bxd4 Rfc8 18.Bc3 Bb5 19.Rfd1 Rc7 20.Qd2 h6 21.h4 Rac8 22.g4 d4
23.Bb4 Rxc1 24.Rxc1 Rxc1+ 25.Qxc1 Bxb4 26.axb4 Bc6 27.Nxd4 Qxd3 28.Nxc6 bxc6
29.Qxc6 Qd1+ 30.Kh2 Qxg4 31.b5 Qxh4+ 32.Kg2 Qg4+ 33.Kh2  1/2-1/2

[Event "23rd Czech Open A"]
[Site "Pardubice CZE"]
[Date "2012.07.28"]
[Round "9.57"]
[White "Alekseenko,K"]
[Black "Adamek,J"]
[Result "1-0"]
[WhiteElo "2450"]
[BlackElo "2311"]

1.e4 e6 2.d4 d5 3.Nd2 Be7 4.Bd3 c5 5.dxc5 Nf6 6.Qe2 Bxc5 7.exd5 Qxd5 8.Ngf3 O-O
9.Ne4 Be7 10.Bg5 Nbd7 11.O-O h6 12.Bh4 Nc5 13.Nxc5 Qxc5 14.c3 Bd7 15.Ne5 Bc6
16.Rad1 Rad8 17.Kh1 Be8 18.f4 Nd5 19.Qe4 g6 20.Bf2 Qc7 21.Bd4 f5 22.Qe2 Bf6
23.Rde1 Qg7 24.Bc4 Kh7 25.Qf2 b6 26.Qg3 g5 27.fxg5 hxg5 28.Nf3 g4 29.Bxd5 Rxd5
30.Bxf6 Qxf6 31.Rxe6 gxf3 32.Rxf6 fxg2+ 33.Qxg2 Rxf6 34.Rg1 Rg6 35.Qe2 Bf7
36.Qe7 Rxg1+ 37.Kxg1 Kg6 38.h4 f4 39.Kf2 a5 40.Kf3 Rf5 41.Kg4 Rf6 42.h5+ Kg7
43.Qe5  1-0

[Event "PAB Romania Open 2012"]
[Site "Arad ROU"]
[Date "2012.07.29"]
[Round "3.24"]
[White "Mozes,E"]
[Black "Szabo,E"]
[Result "1/2-1/2"]
[WhiteElo "2237"]
[BlackElo "1972"]

1.e4 e6 2.d4 d5 3.Nd2 a6 4.Ngf3 c5 5.dxc5 Bxc5 6.Bd3 Nc6 7.a3 Nf6 8.Qe2 dxe4
9.Nxe4 Be7 10.O-O Qc7 11.Bd2 Nxe4 12.Bxe4 Bf6 13.c3 Bd7 14.Rfd1 Ne7 15.Be3 Bc6
16.Qc2 Bxe4 17.Qxe4 O-O 18.Bg5  1/2-1/2

[Event "30th Andorra Open"]
[Site "Erts-La Massana AND"]
[Date "2012.07.29"]
[Round "9.8"]
[White "Dgebuadze,A"]
[Black "Prasca Sosa,R"]
[Result "0-1"]
[WhiteElo "2563"]
[BlackElo "2415"]

1.e4 e6 2.d4 d5 3.Nd2 Be7 4.Ngf3 Nf6 5.e5 Nfd7 6.c3 c5 7.Bd3 Nc6 8.O-O g5
9.b4 cxd4 10.cxd4 h5 11.b5 Nb4 12.Be2 a6 13.bxa6 b6 14.a3 Nc6 15.Bb5 Ndb8
16.Qc2 Qd7 17.Nb3 g4 18.Ng5 Bxa6 19.Bxa6 Rxa6 20.f3 Qd8 21.Nh7 Ra4 22.fxg4 Rc4
23.Qd3 hxg4 24.Be3 Nd7 25.Ra2 Ndxe5 26.dxe5 Nxe5 27.Qb1 Re4 28.Bd4 Rxd4 29.Nxd4 Bc5
30.Nf6+ Kf8 31.Kh1 Bxd4 32.Qb4+ Bc5 33.Qf4 Bd6 34.Nxg4 Rh4 35.Qf6 Qxf6 36.Nxf6 Be7
37.Re2 Bxf6 38.Rxf6 Ke7 39.Rf1 Kd6 40.g3 Ra4 41.Rb2 Nc4 42.Ra2 f5 43.h4 d4
44.h5 Ra7 45.Rf4 Kd5 46.Kg1 Rh7 47.Rh2 Ne3 48.Rb2 e5 49.Rb5+ Kd6 50.Rh4 d3
51.Rxb6+ Kc5 52.Rb2 e4 53.h6 Kc4 54.Rhh2 Ng4 55.Rh5 Kc3 56.Rb8 e3 57.Rxf5 e2
58.Rc8+ Kd2  0-1

[Event "81st ch-UKR 2012"]
[Site "Kiev UKR"]
[Date "2012.07.29"]
[Round "3.5"]
[White "Ponomariov,R"]
[Black "Kuzubov,Y"]
[Result "0-1"]
[WhiteElo "2726"]
[BlackElo "2623"]

1.e4 e6 2.d4 d5 3.Nd2 a6 4.Bd3 c5 5.dxc5 Nf6 6.exd5 exd5 7.Nb3 Nbd7 8.Be3 Qc7
9.Nf3 Nxc5 10.O-O Be6 11.Re1 O-O-O 12.Bd4 Kb8 13.c3 Bg4 14.h3 Bh5 15.Be2 Ne6
16.Be5 Bd6 17.Bxd6 Qxd6 18.Nfd4 Bg6 19.a4 Ne4 20.Bf1 Rhe8 21.a5 Qf4 22.Qf3 Qc7
23.h4 Rd6 24.Qe3 f5 25.Bd3 f4 26.Qh3 Qf7 27.Rad1 Bh5 28.Qf5 Qxf5 29.Nxf5 Bxd1
30.Nxd6 Nxd6 31.Rxd1 Nc4 32.Bxh7 Rh8 33.Bf5 Nc7 34.Re1 Rxh4 35.Re7 Rh5 36.Bg4 Rg5
37.f3 Ne5 38.Nc5 Nxg4 39.fxg4 Rxg4 40.Nd7+ Kc8 41.Nb6+ Kb8 42.Kf2 Rg5 43.Nd7+ Kc8
44.Nc5 Rg6 45.Rf7 Ne6 46.Na4 Rg5 47.Re7 Nc7 48.Nb6+ Kb8 49.Rd7 d4 50.Rxd4 Rxa5
51.Rd8+ Ka7 52.Nc8+ Kb8 53.Nd6+ Ka7 54.Kf3 g5 55.Nc8+ Kb8 56.Nd6+ Ka7 57.Rd7 Kb8
58.c4 Ra2 59.b4 b6 60.Rd8+ Ka7 61.Rd7 Kb8 62.Rg7 Rd2 63.Rg8+ Ka7 64.Rd8 Rb2
65.Rd7 Kb8 66.Rd8+ Ka7 67.Rd7 Kb8 68.c5 bxc5 69.bxc5 Ne6 70.Ne4 Rb4 71.Rd6 g4+
72.Kxg4 Rxe4 73.Rxa6 Re5 74.Kf3 Re3+ 75.Kg4 Kb7 76.Rd6 Kc7 77.Ra6 Re5 78.Kf3 Kd7
79.Ra3 Rg5 80.Ra7+ Kc6 81.Re7 Rg3+ 82.Kf2 Nxc5 83.Rf7 Nd3+ 84.Kg1 Kd5 85.Kh2 Ke4
86.Ra7 Nf2 87.Ra4+ Kf5 88.Ra5+ Kf6 89.Ra6+ Kg5 90.Ra5+ Kg6 91.Ra6+ Kh5 92.Kg1 Nd1
93.Kh2 Ne3 94.Ra2 Ng4+ 95.Kg1 Rb3 96.Ra1 Kh4 97.Rf1 Kg3 98.Kh1 Re3 99.Kg1 Ne5
100.Ra1 Nd3 101.Kf1 Re1+  0-1

[Event "Tabor Open 2012"]
[Site "Tabor CZE"]
[Date "2012.07.29"]
[Round "1.15"]
[White "Kasik,M1"]
[Black "Weinzettl,E"]
[Result "0-1"]
[WhiteElo "1872"]
[BlackElo "2305"]

1.e4 e6 2.d4 d5 3.Nd2 Be7 4.Bd3 Nc6 5.c3 dxe4 6.Bxe4 Nf6 7.Bf3 O-O 8.Ne2 e5
9.Bxc6 bxc6 10.dxe5 Ng4 11.O-O Ba6 12.c4 Qd3 13.Nf4 Qf5 14.Nf3 Bxc4 15.h3 Nxe5
16.Re1 Rfe8 17.Qa4 Nxf3+ 18.gxf3 Bb5 19.Qe4 Qxe4 20.fxe4 Bh4  0-1

[Event "PAB Romania Open 2012"]
[Site "Arad ROU"]
[Date "2012.07.31"]
[Round "6.3"]
[White "Baltag,I"]
[Black "Balog,I1"]
[Result "0-1"]
[WhiteElo "2396"]
[BlackElo "2542"]

1.e4 e6 2.d4 d5 3.Nd2 Nc6 4.Ngf3 Nf6 5.e5 Nd7 6.Bd3 Nb4 7.Be2 c5 8.c3 Nc6
9.Bd3 Be7 10.O-O Qb6 11.dxc5 Nxc5 12.Nb3 Nxd3 13.Qxd3 O-O 14.h4 h6 15.Bf4 Bd7
16.Qd2 Rfc8 17.Be3 Qc7 18.Bc5 Be8 19.Bxe7 Qxe7 20.Rfe1 a5 21.a4 Nb8 22.Nbd4 Na6
23.g3 Nc5 24.Qc2 Qd8 25.Re3 Qb6 26.Kg2 Ne4 27.Rae1 Rc7 28.b3 Rac8 29.c4 Rd8
30.Qb2 Rxc4 31.Qa1 Rc5 32.Rc1 Rdc8 33.Ree1 Qb4 34.Rxc5 Rxc5 35.Rc1 b5 36.axb5 Bxb5
37.Rxc5 Nxc5 38.Qe1 Qxe1 39.Nxe1 Bd7 40.f4 h5 41.Nef3 Kf8 42.Nd2 f6 43.N4f3 Ke7
44.Kf2 Be8 45.Ke3 Bg6 46.Nd4 Kd7 47.N4f3 Bc2 48.Nd4 Bd1  0-1

[Event "Politiken Cup 2012"]
[Site "Helsingor DEN"]
[Date "2012.07.31"]
[Round "5.36"]
[White "Ulrich,T2"]
[Black "Hobber,A"]
[Result "0-1"]
[WhiteElo "1975"]
[BlackElo "2244"]

1.e4 e6 2.d4 d5 3.Nd2 a6 4.Ngf3 Nf6 5.Bd3 c5 6.e5 Nfd7 7.c3 Nc6 8.O-O g5
9.g4 h5 10.h3 Be7 11.Qe2 b5 12.a3 Bb7 13.Qe3 Qb6 14.b4 cxd4 15.cxd4 hxg4
16.hxg4 a5 17.bxa5 Nxa5 18.Rb1 Nc4 19.Nxc4 dxc4 20.Be4 O-O-O 21.Kg2 Kc7 22.Rh1 Rxh1
23.Kxh1 Ra8 24.Nd2 Bxe4+ 25.Qxe4 Ra4 26.Nf3 Qc6 27.Qxc6+ Kxc6 28.d5+ Kxd5
29.Rxb5+ Kc6 30.Nd4+ Kc7 31.Nc2 Bc5 32.Bxg5 Bxf2 33.Kg2 Bc5 34.Bf4 Bxa3 35.Kf3 Bc5
36.Rb2 Nb6 37.Ne3 Ra3 38.Ke4 Na4 39.Re2 Nc3+ 40.Kf3 Nxe2 41.Kxe2 Bxe3  0-1

[Event "17th Creon Open 2012"]
[Site "Creon FRA"]
[Date "2012.08.01"]
[Round "4.2"]
[White "Anton,T"]
[Black "Gozzoli,Y"]
[Result "1/2-1/2"]
[WhiteElo "2423"]
[BlackElo "2547"]

1.e4 e6 2.d4 d5 3.Nd2 Be7 4.Bd3 c5 5.dxc5 Nf6 6.exd5 Qxd5 7.Ngf3 Qxc5 8.O-O O-O
9.Nb3 Qc7 10.Nbd4 Nbd7 11.Qe2 Nc5 12.Bc4 a6 13.a4 b6 14.Bg5 Bb7 15.Bh4 Nfe4
16.Bxe7 Qxe7 17.Qe3 e5 18.Nb3 Rac8 19.Rfd1 Rfe8 20.Bd5 Nxb3 21.Qxb3 Bxd5
22.Rxd5 Qc7 23.Re1 Nc5 24.Qb4 f6 25.Red1 Red8 26.Qc4 Rxd5 27.Rxd5 Ne6 28.Qxa6 Qxc2
29.g3 Qc6 30.Rd6 Qxd6 31.Qxc8+ Kf7 32.Qb7+ Qc7 33.Qd5 Qc5 34.Qd7+ Qe7 35.Qd5 Qc5  1/2-1/2